000 00606nam a2200217Ia 4500
003 OSt
005 20220925202230.0
006 a|||||r|||| 00| 0
007 ta
008 220923b |||||||| |||| 00| 0 eng d
037 _cGeneral Book
040 _aRTL
_cRTL
_beng
041 _2eng
_aeng
082 _aXxM83:g, J6/SC
100 _aSINGH V B Ed.
_9124568
245 0 _aKeynesian economics
_b A symposium.
260 _aDelhi
_bPeople's publishing house
_c1956
300 _a233p.
_ccm.
942 _hXxM83:g, J6/SC
_cGB
_2CC
999 _c542781
_d542781